[Event "Aimchess Rapid Div 2 L"]
[Site "chess.com INT"]
[Date "2023.07.13"]
[Round "4.1"]
[White "Kamsky, Gata"]
[Black "Martinez Alcantara, Jose Eduardo"]
[Result "0-1"]
[WhiteTitle "GM"]
[BlackTitle "GM"]
[WhiteElo "2655"]
[BlackElo "2619"]
[WhiteFideId "2000024"]
[BlackFideId "3805662"]
[EventDate "2023.07.11"]
[EventType "k.o."]

1. g3 c5 2. Bg2 Nc6 3. f4 g6 4. Nf3 Bg7 5. e4 d6 6. d3 e6 7. O-O Nge7 8. c3 O-O
9. Be3 b6 10. Re1 Ba6 11. Bf2 Qd7 12. a4 Rad8 13. Na3 e5 14. f5 gxf5 15. Bh3 d5
16. exf5 Nxf5 17. Nh4 Nce7 18. Qh5 Nxg3 19. Bxg3 Qxh3 20. Rxe5 Bxe5 21. Bxe5 f6
22. Kh1 Bxd3 23. Rg1+ Ng6 0-1

[Event "Aimchess Rapid Div 2 L"]
[Site "chess.com INT"]
[Date "2023.07.13"]
[Round "4.2"]
[White "Martinez Alcantara, Jose Eduardo"]
[Black "Kamsky, Gata"]
[Result "1/2-1/2"]
[WhiteTitle "GM"]
[BlackTitle "GM"]
[WhiteElo "2619"]
[BlackElo "2655"]
[WhiteFideId "3805662"]
[BlackFideId "2000024"]
[EventDate "2023.07.11"]
[EventType "k.o."]

1. e4 e5 2. Nf3 Nc6 3. Bb5 a6 4. Ba4 Nf6 5. O-O Be7 6. Re1 b5 7. Bb3 O-O 8. d3
d6 9. a4 Bb7 10. c3 Re8 11. Ng5 Rf8 12. Nf3 h6 13. Nbd2 Re8 14. Nf1 Bf8 15. Ng3
Na5 16. Bc2 c5 17. d4 Qc7 18. d5 c4 19. h3 Bc8 20. Be3 Bd7 21. axb5 axb5 22. Kh1
Nb7 23. Nh4 g6 24. Qd2 Kh7 25. Rxa8 Rxa8 26. f4 exf4 27. Bxf4 Re8 28. Be3 Bg7
29. Rf1 Re7 30. Bd4 Ne8 31. Bxg7 Kxg7 32. Qd4+ Kh7 33. Nh5 Bc8 34. Nxg6 fxg6 35.
Rf8 Re5 36. Qf2 gxh5 37. Rf7+ Kg6 38. Rxc7 Nxc7 39. Qb6 Ne8 40. Qc6 Nf6 41. Qxc8
Nc5 42. Qb8 Ncxe4 43. Qxd6 Kf5 44. Bxe4+ Rxe4 45. Qc5 Kf4 46. Qf2+ Ke5 47. d6
Ke6 48. Qb6 Nd7 49. Qxb5 h4 50. b3 cxb3 51. Qxb3+ Kxd6 52. Qf7 Nc5 53. Qf6+ Kd5
54. Kh2 Kc4 55. Qxh6 Kxc3 56. Qc1+ Kd4 57. Qb2+ Kd5 58. Qa2+ Ke5 59. Qb2+ Kd5
60. Qa2+ Ke5 61. Qb2+ Kd5 1/2-1/2

[Event "Aimchess Rapid Div 2 L"]
[Site "chess.com INT"]
[Date "2023.07.13"]
[Round "5.1"]
[White "Hakobyan, Aram"]
[Black "Martinez Alcantara, Jose Eduardo"]
[Result "1/2-1/2"]
[WhiteTitle "GM"]
[BlackTitle "GM"]
[WhiteElo "2613"]
[BlackElo "2619"]
[WhiteFideId "13306677"]
[BlackFideId "3805662"]
[EventDate "2023.07.11"]
[EventType "k.o."]

1. d4 d5 2. c4 dxc4 3. Nf3 Nf6 4. e3 e6 5. Bxc4 c5 6. O-O a6 7. Re1 Nc6 8. Bd3
Be7 9. dxc5 Bxc5 10. a3 Bd6 11. Qe2 O-O 12. Nbd2 Ne5 13. Nxe5 Bxe5 14. Nf3 Bd6
15. b4 a5 16. b5 Qe7 17. Bb2 e5 18. Ng5 h6 19. Ne4 Nxe4 20. Bxe4 Be6 21. a4 Rad8
22. Red1 f6 23. Bc3 b6 24. Bd5 1/2-1/2

[Event "Aimchess Rapid Div 2 L"]
[Site "chess.com INT"]
[Date "2023.07.13"]
[Round "5.3"]
[White "Hakobyan, Aram"]
[Black "Martinez Alcantara, Jose Eduardo"]
[Result "1/2-1/2"]
[WhiteTitle "GM"]
[BlackTitle "GM"]
[WhiteElo "2613"]
[BlackElo "2619"]
[WhiteFideId "13306677"]
[BlackFideId "3805662"]
[EventDate "2023.07.11"]
[EventType "k.o."]

1. e4 e5 2. Nf3 Nf6 3. Nc3 Nc6 4. Nd5 d6 5. d4 Be7 6. Bb5 O-O 7. Nxe7+ Qxe7 8.
d5 Nb8 9. Bg5 h6 10. Bh4 c6 11. dxc6 Nxc6 12. O-O Bg4 13. Bxc6 bxc6 14. h3 Bh5
15. Re1 g5 16. Bg3 Bg6 17. Nd2 Rad8 18. c4 Nh5 19. Nf1 Qe6 20. Qa4 c5 21. Rad1
Qe7 22. Qc6 Nf6 23. f3 Rd7 24. Ne3 Rb8 25. Rd2 Rb6 26. Qa4 Rd8 27. Red1 Rd7 28.
Qa3 Rdb7 29. Qc3 Rd7 30. b3 h5 31. Rd3 h4 32. Bf2 Ra6 33. Qb2 Qd8 34. R1d2 Nh5
35. Nd5 f5 36. Bxc5 fxe4 37. fxe4 Bxe4 38. Be3 Nf4 39. Rc3 Rc6 40. Kh2 Rg7 41.
Rc1 Nxd5 42. cxd5 Rxc1 43. Qxc1 g4 44. hxg4 Qd7 45. Bh6 Rxg4 46. Rf2 Kh7 47. Qe3
Rxg2+ 48. Rxg2 Bxg2 49. Kxg2 Qg4+ 50. Kf2 h3 51. Qg5 Qd4+ 52. Ke2 Qe4+ 53. Kf2
Qd4+ 54. Kg3 Qg1+ 55. Kxh3 Qh1+ 56. Kg4 Qxh6 57. Qxh6+ Kxh6 58. Kf5 Kg7 59. Ke6
e4 60. Kxd6 e3 61. Kc7 e2 62. d6 e1=Q 63. d7 Qc3+ 64. Kb8 Qb4+ 65. Kc7 Qc5+ 66.
Kb7 Qb5+ 67. Kc7 Qc5+ 68. Kb7 Qb5+ 69. Kc7 Qc5+ 1/2-1/2

[Event "Aimchess Rapid Div 2 L"]
[Site "chess.com INT"]
[Date "2023.07.13"]
[Round "6.1"]
[White "Sevian, Samuel"]
[Black "Martinez Alcantara, Jose Eduardo"]
[Result "1-0"]
[WhiteTitle "GM"]
[BlackTitle "GM"]
[WhiteElo "2698"]
[BlackElo "2619"]
[WhiteFideId "2040506"]
[BlackFideId "3805662"]
[EventDate "2023.07.11"]
[EventType "k.o."]

1. d4 d5 2. c4 dxc4 3. e4 e5 4. Nf3 Bb4+ 5. Nc3 exd4 6. Nxd4 Nd7 7. Bxc4 Ngf6 8.
f3 O-O 9. Be2 Ne5 10. O-O Ng6 11. Kh1 c6 12. Be3 Qe7 13. Qc2 Nd5 14. Nxd5 cxd5
15. Nb5 Bd7 16. a3 Bxb5 17. Bxb5 Bd6 18. Rad1 Rac8 19. Qd2 a6 20. Ba4 Qh4 21. f4
Ne7 22. Bb3 Bc5 23. Bxc5 Rxc5 24. Bxd5 Nxd5 25. exd5 Rd8 26. d6 h6 27. Rfe1 Rd7
28. Re8+ Kh7 29. Qd3+ f5 30. Re5 Rcc7 31. Rd5 1-0

[Event "Aimchess Rapid Div 2 L"]
[Site "chess.com INT"]
[Date "2023.07.13"]
[Round "6.2"]
[White "Martinez Alcantara, Jose Eduardo"]
[Black "Sevian, Samuel"]
[Result "1/2-1/2"]
[WhiteTitle "GM"]
[BlackTitle "GM"]
[WhiteElo "2619"]
[BlackElo "2698"]
[WhiteFideId "3805662"]
[BlackFideId "2040506"]
[EventDate "2023.07.11"]
[EventType "k.o."]

1. e4 e5 2. Nf3 Nc6 3. Bb5 a6 4. Ba4 Nf6 5. d3 Bc5 6. Nc3 d6 7. h3 h6 8. Bxc6+
bxc6 9. Be3 Bxe3 10. fxe3 Rb8 11. b3 Qe7 12. O-O O-O 13. Qe1 d5 14. exd5 cxd5
15. e4 dxe4 16. dxe4 Bb7 17. Qe3 Nh5 18. Nd5 Bxd5 19. exd5 Rbe8 20. Rae1 Nf4 21.
c4 Ng6 22. Qf2 Qd6 23. h4 Nf4 24. Re3 f5 25. Nxe5 Nxd5 26. Rd1 Rxe5 27. Rxe5
Qxe5 28. Rxd5 Qa1+ 29. Kh2 f4 30. Rd3 Qe5 31. Qf3 Kh8 32. a4 c6 33. Rd2 Qf6 34.
Qg4 Qc3 35. Rd7 Qe5 36. Qf3 Qf6 37. h5 Qh4+ 38. Qh3 Qg5 39. Rd3 Rf5 40. Kg1 Rf8
41. Qf3 Qf6 42. Rd1 Re8 43. Rf1 Qd4+ 44. Kh2 Re5 45. Rd1 Qe3 46. Qxe3 fxe3 47.
Re1 e2 48. Kg3 Re3+ 49. Kf4 Rxb3 50. Rxe2 Rb4 51. Rc2 Rxa4 52. Ke5 c5 53. Kd5
Ra5 54. Re2 Kg8 55. Re7 Kf8 56. Ra7 Ra2 57. Kxc5 Rxg2 58. Kb6 Rg5 59. c5 Rxh5
60. c6 Rb5+ 61. Kc7 Ke7 62. Rxa6 Ke6 63. Kd8 Rb8+ 64. Kc7 Rb1 65. Kc8 Rc1 66.
Kd8 Ke5 67. c7 g5 68. Rxh6 g4 69. Kd7 g3 70. Re6+ Kf4 71. Rf6+ Ke4 72. Re6+ Kf3
73. Rf6+ Ke4 74. Re6+ Kf3 75. Rc6 Rxc6 76. Kxc6 g2 77. c8=Q g1=Q 78. Qh3+ Qg3
79. Qxg3+ Kxg3 1/2-1/2